Statistics for Biggest Cities in Hungary

Click here to take the quiz!

General Stats

  • This quiz has been taken 5,135 times
  • The average score is 12 of 20

Answer Stats

AnswerPopulation% Correct
Budapest1,740,041
100%
Debrecen207,594
89%
Győr131,564
79%
Szeged170,052
79%
Pécs156,801
77%
Miskolc166,823
74%
Sopron61,390
59%
Székesfehérvár101,722
58%
Nyíregyháza117,658
57%
Eger56,166
54%
Kecskemét114,226
54%
Szolnok74,341
51%
Szombathely79,348
51%
Veszprém64,024
50%
Tatabánya70,003
44%
Zalaegerszeg61,849
44%
Békéscsaba63,752
41%
Kaposvár67,686
40%
Érd65,277
30%
Nagykanizsa49,302
26%

Score Distribution

Percentile by Number Answered

Percent of People with Each Score

Your Score History

You have not taken this quiz